Statistiques concernant Elle pleut Nekfeu

Cliquez ici pour prendre le quiz!

Statistiques générales

  • Ce quiz a été pris 283 fois
  • Le résultat moyen est 261 sur 411

Statistiques - réponses

Réponse% Correct
À
95%
A
95%
Elle
95%
Pleut
93%
Le
92%
Sur
92%
Les
91%
Tu
91%
De
88%
Je
88%
La
88%
Son
88%
Me
87%
Un
87%
Au
84%
Ce
83%
Et
83%
Par
83%
L’univers
82%
Se
82%
Toi
82%
Yeux
82%
Docu
81%
Est
81%
Absorbé
80%
Fléau
80%
Que
80%
Ta
80%
Des
79%
Te
79%
Du
78%
Fluo
78%
J’ai
78%
Jusqu’à
78%
Plus
78%
Voir
78%
En
77%
L’insomnie
77%
Pas
77%
Dans
76%
Moi
76%
On
76%
Brisé
75%
Coeur
75%
Ecran
75%
D’où
74%
Douceur
74%
Ne
74%
Sors
73%
Tout
73%
Il
72%
Lattes
72%
Lune
72%
Ses
72%
Sommier
72%
Lois
71%
Tue
71%
Ça
70%
Sommeil
70%
Trop
70%
Autres
69%
C’est
69%
Qu’on
69%
Verte
69%
Faire
68%
J’écrivais
68%
Nuit
68%
Penses
68%
Soir
68%
Dix
67%
Douze
67%
Fenêtre
67%
Heure
67%
Jamais
67%
Mais
67%
M’y
67%
S’est
67%
Voulu
67%
Bus
66%
Défier
66%
Était
66%
Famille
66%
Manque
66%
Point
66%
Pour
66%
Premier
66%
Retourner
66%
Fois
65%
J’étais
65%
M’fais
65%
Quand
65%
Qu’aux
65%
D’sortie
63%
Première
63%
Blague
62%
D’enlever
62%
Fini
62%
J’t’ai
62%
Sourire
62%
Avant
61%
Complice
61%
Entre
61%
Époques
61%
L’impression
61%
Mis
61%
Mon
61%
Regardais
61%
Brusquement
60%
Dormir
60%
Flaque
60%
J’regarde
60%
M’rappelle
60%
Nos
60%
Sans
60%
T’as
60%
Transports
60%
Trottoir
60%
Dériver
59%
J’peux
59%
Mette
59%
Plongé
59%
Qui
59%
Tellement
59%
Vies
59%
Croisée
58%
Reflet
58%
Taff
58%
Ton
58%
Confluent
57%
Dessus
57%
Feuilles
57%
Matin
57%
M’voir
57%
T’oublier
57%
Chaque
56%
Mortes
56%
T’avais
56%
Blanc
55%
Cette
55%
Dessous
55%
Sordides
55%
Sortes
55%
Toujours
55%
Toutes
55%
Bruit
54%
D’idées
54%
Amis
53%
Écrit
53%
Rayés
52%
Ennemi
51%
Rayent
51%
M’dire
50%
S’croisait
50%
Seul
50%
Aime
49%
Doutes
49%
Être
49%
Etre
49%
Noire
49%
Fierté
48%
Griffés
48%
Préfère
48%
Reste
48%
Nier
47%
Aura
46%
D’un
45%
Puis
45%
Y’avait
44%
Sec
42%
Temps
42%
Sérieux
41%
Sol
41%
Assez
40%
Commun
40%
Potes
40%
Seule
40%
Siècle
40%
Barricade
39%
Chose
39%
Maintenant
39%
Mes
39%
Pavés
39%
T’aimerais
39%
Avoir
38%
J’m’infligeais
38%
Voyait
38%
Chance
37%
Mieux
37%
Nuage
37%
S’envoyait
37%
Vaut
37%
Guise
36%
Rattraper
36%
Recommence
36%
Est-ce
35%
Dépend
34%
Ricane
34%
Aux
33%
Combien
33%
Avec
32%
Dépravés
32%
Écrans
32%
Façade
31%
Jette
31%
Airs
30%
Mystérieux
30%
Pointillés
30%
M’reprochais
29%
N’aura
29%
Rois
28%
Vois
28%
Dispute
26%
Qu’une
26%
Crevé
25%
D’partir
25%
Femme
25%
Frères
25%
N’en
25%
Choix
24%
Mots
24%
Liaisons
22%
Saisons
22%
Brins
20%
D’épreuves
20%
Disent
19%
Galaxies
19%
Lunes
19%
D’amours
18%
Grains
18%
Lésions
18%
Dunes
17%
Sable
17%
Évacue
16%
Preuves
16%
Scissions
14%
Craintes
10%
Folles
10%

Distribution des résultats

Percentile par nombre de réponses

% des personnes avec chaque résultat

Votre développement - résultats

Vous n’avez pas pris ce quiz